000 00740nam a2200217Ia 4500
003 CO-CtgCURN
005 20250410143738.0
008 190723s9999 xx 000 0 und d
020 _a9968380288
040 _aCO-CtgCURN
_bspa
_ccoctgcurn
082 _a347.06
_bM843t
100 _aMoreno Cora, Silvestre
245 0 _aTratado de las pruebas civiles y penales /
_cSilvestre Moreno Cora
260 _aMéxico :
_bEditorial jurídica Universitaria,
_c2001
300 _a227 páginas ;
_c30 centímetros
521 _aAREA PROFESIONAL
590 _aPrograma de Derecho_18
650 _aDerecho probatorio
942 _cBK
_h347.06
_iM843t
_2ddc
_n0
999 _c29739
_d29739